[Event "14th European Club Cup for Wom"]
[Site "Ohrid"]
[Date "2009.10.06"]
[Round "3"]
[Board "3"]
[White "Peptan, Corina-Isabela"]
[Black "Petrenko, Svetlana"]
[Result "1-0"]
[WhiteElo "2387"]
[BlackElo "2260"]
[PlyCount "119"]
[EventDate "2009.10.04"]
[EventType "team"]
[EventRounds "7"]
[EventCountry "MKD"]
[WhiteTeam "CS Cotnari-Politehnica Iasi"]
[BlackTeam "Radnicki Rudovci"]

1.e4 e5 2.Nf3 Nc6 3.Bb5 Nf6 4.d3 d6 5.c3 a6 6.Ba4 b5 7.Bc2 Be7 8.O-O O-O 9.d4
Bg4 10.d5 Na5 11.Nbd2 Qc8 12.h3 Bd7 13.Re1 g6 14.Nf1 Nh5 15.Bh6 Re8 16.Qc1 Nc4
17.a4 c5 18.Kh2 Rb8 19.b3 Nb6 20.a5 Na8 21.Bd1 Ng7 22.Ng3 Nc7 23.c4 b4 24.Bc2
Rf8 25.Ng1 Nce8 26.f4 exf4 27.Bxf4 Bf6 28.e5 dxe5 29.Bxe5 Bxe5 30.Rxe5 Qc7
31.Qf4 f5 32.Nf3 Nf6 33.Kg1 Nfh5 34.Nxh5 Nxh5 35.Qd2 Qd6 36.Rae1 Rbe8 37.Qg5 Ng7
38.Qh6 Rxe5 39.Rxe5 Re8 40.Qf4 Rf8 41.Qh4 Re8 42.Qg3 Rf8 43.Qe1 Qf6 44.Qe3 Qd6
45.Re7 Re8 46.Rxe8+ Nxe8 47.Qe5 h6 48.Qe3 Kg7 49.Ne5 Nf6 50.Qxh6+ Kxh6 51.Nf7+
Kh5 52.Nxd6 Kg5 53.Nb7 Kf4 54.Kf2 Ke5 55.Nxc5 Bc8 56.Ke3 f4+ 57.Kd2 Kd4 58.Ne6+
Ke5 59.Ng5 Nd7 60.Nf7+

[Event "14th European Club Cup for Wom"]
[Site "Ohrid"]
[Date "2009.10.06"]
[Round "3"]
[Board "4"]
[White "Benderac, Ana"]
[Black "Paulet, Iozefina"]
[Result "1-0"]
[WhiteElo "2276"]
[BlackElo "2342"]
[PlyCount "143"]
[EventDate "2009.10.04"]
[EventType "team"]
[EventRounds "7"]
[EventCountry "MKD"]
[WhiteTeam "Radnicki Rudovci"]
[BlackTeam "CS Cotnari-Politehnica Iasi"]

1.d4 Nf6 2.Nf3 e6 3.e3 b6 4.Bd3 Bb7 5.O-O c5 6.b3 Be7 7.Bb2 O-O 8.c4 d6 9.Nc3
Nbd7 10.Qe2 Re8 11.Rad1 a6 12.Bb1 Qc7 13.e4 cxd4 14.Rxd4 Rac8 15.Rfd1 Bc6 16.h3
Bf8 17.g4 Qb7 18.g5 Nh5 19.Nh4 g6 20.Ba3 Bg7 21.Bxd6 Bxd4 22.Rxd4 b5 23.e5 bxc4
24.bxc4 Nb6 25.Bd3 Na4 26.Nxa4 Bxa4 27.c5 Bb5 28.Bxb5 axb5 29.Rb4 Qd5 30.Qxb5
Qxa2 31.c6 Qd2 32.c7 Qxg5+ 33.Ng2 Ng7 34.Kh2 Qd2 35.Rb2 Qd4 36.Qb6 Qd5 37.Rb5
Qf3 38.Rb3 Qd1 39.Ne3 Qf3 40.Ng4 Qf4+ 41.Kg1 Qc1+ 42.Kg2 Nh5 43.Kh2 Qf4+ 44.Kg2
Qe4+ 45.Kh2 Qf4+ 46.Kg2 Kg7 47.Qe3 Qxe3 48.fxe3 Ra8 49.Rb8 g5 50.Nf2 f6 51.Ne4
Kg6 52.Nc5 fxe5 53.Nb7 Rc8 54.Bxe5 Nf6 55.Rxa8 Rxa8 56.Bxf6 Kxf6 57.Nd6 Ke5
58.c8=Q Rxc8 59.Nxc8 h5 60.Kf2 Kd5 61.Nb6+ Ke4 62.Nd7 Kf5 63.Nc5 Ke5 64.Nb3 Ke4
65.Nd2+ Kf5 66.Kg3 Ke5 67.h4 g4 68.Kf2 Kf5 69.Nf1 g3+ 70.Kxg3 Ke4 71.Kf2 Kf5
72.Kf3

[Event "14th European Club Cup for Wom"]
[Site "Ohrid"]
[Date "2009.10.06"]
[Round "3"]
[Board "1"]
[White "Danielian, Elina"]
[Black "Rajlich, Iweta"]
[Result "1/2-1/2"]
[WhiteElo "2489"]
[BlackElo "2465"]
[PlyCount "116"]
[EventDate "2009.10.04"]
[EventType "team"]
[EventRounds "7"]
[EventCountry "MKD"]
[WhiteTeam "Mika Yerevan"]
[BlackTeam "Polonia Votum Wroclaw"]

1.d4 Nf6 2.c4 g6 3.Nc3 d5 4.Bf4 Bg7 5.e3 c5 6.dxc5 Qa5 7.Rc1 dxc4 8.Bxc4 O-O
9.Nf3 Qxc5 10.Bb3 Qa5 11.O-O Nc6 12.h3 Bf5 13.Ng5 Qb4 14.a3 Qb6 15.Na4 Qd8
16.Nc5 b6 17.Nce6 Qxd1 18.Rfxd1 Na5 19.Nxg7 Nxb3 20.Nxf5 gxf5 21.Rc7 e6 22.Bd6
Rad8 23.Rd3 Ne8 24.Rxa7 Nxd6 25.Rxb3 Nc4 26.Nf3 Rd1+ 27.Kh2 Rc8 28.Ra4 Nd2
29.Nxd2 Rxd2 30.Rf4 Rcc2 31.Rxb6 Rxb2 32.Rxb2 Rxb2 33.g4 fxg4 34.Rxg4+ Kf8
35.Kg3 Ra2 36.a4 f5 37.Rb4 Kf7 38.Rb7+ Kf6 39.Ra7 h6 40.a5 Ra4 41.a6 h5 42.f4
Ra3 43.Kf2 Ra2+ 44.Ke1 e5 45.fxe5+ Kxe5 46.Ra8 Ke4 47.a7 Kf3 48.h4 Ra6 49.Kd2
Rd6+ 50.Kc3 Rd7 51.Kc4 Rg7 52.Kd5 Rb7 53.Ke5 Rb5+ 54.Kf6 Ra5 55.Kg5 Kg3 56.Rf8
f4+ 57.Kg6 Rxa7 58.Rxf4 Ra5

[Event "14th European Club Cup for Wom"]
[Site "Ohrid"]
[Date "2009.10.06"]
[Round "3"]
[Board "2"]
[White "Zawadzka, Jolanta"]
[Black "Harika, Dronavalli"]
[Result "1-0"]
[WhiteElo "2414"]
[BlackElo "2474"]
[PlyCount "83"]
[EventDate "2009.10.04"]
[EventType "team"]
[EventRounds "7"]
[EventCountry "MKD"]
[WhiteTeam "Polonia Votum Wroclaw"]
[BlackTeam "Mika Yerevan"]

1.e4 e5 2.Nf3 Nc6 3.Bc4 Bc5 4.c3 Nf6 5.d4 exd4 6.e5 d5 7.Bb5 Ne4 8.cxd4 Bb4+
9.Bd2 Nxd2 10.Nbxd2 O-O 11.Bxc6 bxc6 12.O-O c5 13.a3 Bxd2 14.Qxd2 Bg4 15.dxc5
Bxf3 16.gxf3 Qe7 17.Qxd5 Rad8 18.Qe4 Qxc5 19.Rac1 Qb6 20.b4 Rd4 21.Rc6 Qb5
22.Qxd4 Qxc6 23.Qe4 Qd7 24.Re1 Re8 25.Re3 h5 26.Kg2 h4 27.h3 Re6 28.Rd3 Qe7
29.f4 Qe8 30.Qd5 Kh7 31.Kh2 f6 32.Re3 c6 33.Qe4+ Kh6 34.Qf5 g6 35.Qg4 fxe5
36.Qxh4+ Kg7 37.fxe5 Qf7 38.f4 Qd7 39.Qg4 Qd4 40.Rg3 Kf7 41.Qf3 Ke7 42.Qe3

[Event "14th European Club Cup for Wom"]
[Site "Ohrid"]
[Date "2009.10.06"]
[Round "3"]
[Board "3"]
[White "Khurtsidze, Nino"]
[Black "Szczepkowska-Horowska, Karina"]
[Result "1-0"]
[WhiteElo "2420"]
[BlackElo "2321"]
[PlyCount "93"]
[EventDate "2009.10.04"]
[EventType "team"]
[EventRounds "7"]
[EventCountry "MKD"]
[WhiteTeam "Mika Yerevan"]
[BlackTeam "Polonia Votum Wroclaw"]

1.d4 Nf6 2.c4 g6 3.Nf3 Bg7 4.Nc3 d6 5.g3 O-O 6.Bg2 Nc6 7.O-O Bg4 8.d5 Na5 9.Nd2
c5 10.a3 Qc8 11.f3 Bd7 12.e4 Nh5 13.Qc2 Rb8 14.a4 a6 15.b3 Bd4+ 16.Kh1 e5 17.Ra2
Qd8 18.Ne2 b5 19.axb5 axb5 20.Nxd4 cxd4 21.c5 dxc5 22.Qxc5 Nb7 23.Qb4 Ra8
24.Rxa8 Qxa8 25.f4 f6 26.fxe5 fxe5 27.Rxf8+ Qxf8 28.Qxf8+ Kxf8 29.Nf3 Na5
30.Nxe5 Nxb3 31.Nxd7+ Ke8 32.Ba3 Kxd7 33.Bf1 Nf6 34.Bxb5+ Kd8 35.e5 Ne4 36.Kg2
Nc3 37.Bc6 Na5 38.e6 Nxc6 39.dxc6 Nb5 40.e7+ Ke8 41.Bc5 Nc7 42.Kf3 Ne6 43.Bd6
Ng7 44.c7 Kd7 45.Be5 Ne8 46.Ke4 h5 47.h4

[Event "14th European Club Cup for Wom"]
[Site "Ohrid"]
[Date "2009.10.06"]
[Round "3"]
[Board "4"]
[White "Krupa, Monika"]
[Black "Galojan, Lilit"]
[Result "1-0"]
[WhiteElo "2219"]
[BlackElo "2326"]
[PlyCount "53"]
[EventDate "2009.10.04"]
[EventType "team"]
[EventRounds "7"]
[EventCountry "MKD"]
[WhiteTeam "Polonia Votum Wroclaw"]
[BlackTeam "Mika Yerevan"]

1.e4 e5 2.Nf3 Nc6 3.Bc4 Nf6 4.Ng5 d5 5.exd5 Na5 6.Bb5+ c6 7.dxc6 bxc6 8.Be2 h6
9.Nh3 Bxh3 10.gxh3 Bc5 11.d3 O-O 12.O-O Qc7 13.Nc3 Rad8 14.Qe1 Bd4 15.Kh1 Nd5
16.Nxd5 cxd5 17.c3 Bb6 18.f4 Rfe8 19.f5 Qc6 20.f6 Rd6 21.b4 Nb7 22.b5 Qc8 23.Qg3
g6 24.Bxh6 Bd8 25.Qxg6+ fxg6 26.f7+ Kh7 27.fxe8=Q